[Event "Collado Villalba Grupo Gallinero op 1st"]
[Site "Collado Villalba"]
[Date "2022.08.15"]
[Round "7"]
[White "Rojas Pozo, Jose Luis"]
[Black "Sanchez Gilo, Gonzalo"]
[Result "1-0"]
[WhiteElo "1909"]
[BlackElo "1585"]
[PlyCount "100"]
[EventDate "2022.08.12"]
[EventType "swiss"]
[EventRounds "9"]
[EventCountry "ESP"]
[SourceTitle "CBM 210 Extra"]
[Source "ChessBase"]
[SourceDate "2022.11.30"]
[SourceVersion "1"]
[SourceVersionDate "2022.11.30"]
[SourceQuality "1"]

1. d4 Nf6 2. c4 e5 3. dxe5 Ng4 4. e4 Nxe5 5. f4 Bc5 6. g3 Ng6 7. Nd2 Nxf4 8. Nb3 Ne6 9. Nxc5 Nxc5 10. Qf3 d6 11. Be3 Nba6 12. 0-0-0 0-0 13. Bh3 Qe7 14. Bf5 Bxf5 15. exf5 Rae8 16. Bd4 Qe4 17. Qxe4 Nxe4 18. Nh3 f6 19. b3 Nac5 20. Rhf1 a5 21. Nf4 b6 22. Kc2 Ng5 23. h4 Nf7 24. Bxc5 bxc5 25. Ne6 Rxe6 26. fxe6 Ne5 27. Kb2 Re8 28. Ka3 Rxe6 29. Rfe1 Re8 30. Ka4 Kf7 31. Re2 Ke6 32. g4 Kd7 33. Re4 Kc6 34. Ka3 Nxc4+ 35. Rxc4 d5 36. Rc2 d4 37. Rxd4 Re5 38. Rdc4 Kb5 39. Kb2 h5 40. gxh5 Rxh5 41. Rg2 g5 42. hxg5 fxg5 43. Rcg4 Rh3 44. a4+ Kb6 45. Rc4 Rh5 46. Rcg4 Rh3 47. Rxg5 c4 48. Rb5+ Kc6 49. Rc2 Kd6 50. Rxc4 c6 1-0

[Event "Collado Villalba Grupo Gallinero op 1st"]
[Site "Collado Villalba"]
[Date "2022.08.14"]
[Round "5"]
[White "Sanchez Gilo, Gonzalo"]
[Black "Jimenez Carrazoni, Javier"]
[Result "0-1"]
[WhiteElo "1585"]
[BlackElo "1773"]
[PlyCount "100"]
[EventDate "2022.08.12"]
[EventType "swiss"]
[EventRounds "9"]
[EventCountry "ESP"]
[SourceTitle "CBM 210 Extra"]
[Source "ChessBase"]
[SourceDate "2022.11.30"]
[SourceVersion "1"]
[SourceVersionDate "2022.11.30"]
[SourceQuality "1"]

1. e4 c5 2. Bc4 e6 3. Nf3 d5 4. exd5 exd5 5. Bb5+ Nc6 6. d4 Bg4 7. c3 cxd4 8. cxd4 Nf6 9. Be3 Qa5+ 10. Nc3 Bb4 11. Bxc6+ bxc6 12. 0-0 0-0 13. Bd2 Qd8 14. Qb3 Bxc3 15. bxc3 Bxf3 16. gxf3 Qd7 17. Bf4 Qf5 18. Bg3 Qxf3 19. Rfe1 Ne4 20. Re3 Qf5 21. Qb7 Nxg3 22. Rxg3 Qf6 23. Rf1 Rfb8 24. Qc7 Rb2 25. a4 h5 26. Rh3 g6 27. Qg3 Qf5 28. Qf3 Qxf3 29. Rxf3 Re8 30. Rf6 Re6 31. Rf3 Kf8 32. h4 Ke7 33. Kg2 Re4 34. Kh3 Ke6 35. Ra1 Ree2 36. Kg3 Ra2 37. Rb1 Reb2 38. Re1+ Re2 39. Rxe2+ Rxe2 40. Re3+ Rxe3+ 41. fxe3 Kf5 42. Kf3 a5 43. c4 f6 44. cxd5 cxd5 45. e4+ dxe4+ 46. Ke3 g5 47. hxg5 fxg5 48. d5 Ke5 49. d6 Kxd6 50. Kxe4 Kc5 0-1